00623nam a2200205 a 4500008004100000020002200041100002100063245008200084250001200166260003700178300003500215504004100250500002000291650002500311650003200336700002200368003000100390005001700391040000900408  a0412450305 (pbk.)1 aPorter, David A.10aPhase transformations in metals and alloys /cD. A. Porter, K. E. Easterling. a2nd ed. aLondon :bChapman & Hall,c1992. axiii, 514 p. :bill. ;c23 cm. aIncludes bibliographical references. aIncludes index. 0aPhysical metallurgy. 0aPhase rule and equilibrium.1 aEasterling, K. E.20230123133753.0 cNUST